Charade / (Record no. 14373)
[ view plain ]
| 000 -LEADER | |
|---|---|
| fixed length control field | 01083cam a2200361 a 4500 |
| 003 - CONTROL NUMBER IDENTIFIER | |
| control field | DLC |
| 005 - DATE AND TIME OF LATEST TRANSACTION | |
| control field | 20241220110335.0 |
| 008 - FIXED-LENGTH DATA ELEMENTS--GENERAL INFORMATION | |
| fixed length control field | 930927s1994 nyu 000 1 eng |
| 001 - CONTROL NUMBER | |
| control field | 93038360 |
| 010 ## - LIBRARY OF CONGRESS CONTROL NUMBER | |
| LC control number | 93038360 |
| 020 ## - INTERNATIONAL STANDARD BOOK NUMBER | |
| International Standard Book Number | 0446516562 : |
| Terms of availability | $21.95 |
| 035 ## - SYSTEM CONTROL NUMBER | |
| System control number | (Sirsi) i9780446516563 |
| 035 ## - SYSTEM CONTROL NUMBER | |
| System control number | 50451901 |
| 040 ## - CATALOGING SOURCE | |
| Original cataloging agency | DLC |
| Transcribing agency | DLC |
| Modifying agency | DLC |
| 043 ## - GEOGRAPHIC AREA CODE | |
| Geographic area code | n-us-tx |
| -- | n-us--- |
| 050 00 - LIBRARY OF CONGRESS CALL NUMBER | |
| Classification number | PS3552.R718 |
| Item number | C53 1994 |
| 082 00 - DEWEY DECIMAL CLASSIFICATION NUMBER | |
| Classification number | 813/.54 |
| Edition number | 20 |
| 099 ## - LOCAL FREE-TEXT CALL NUMBER (OCLC) | |
| Classification number | fic Brown |
| 082 ## - DEWEY DECIMAL CLASSIFICATION NUMBER | |
| Classification number | BRO |
| 092 ## - LOCALLY ASSIGNED DEWEY CALL NUMBER (OCLC) | |
| Classification number | BRO |
| 100 1# - MAIN ENTRY--PERSONAL NAME | |
| Personal name | Brown, Sandra, |
| Dates associated with a name | 1948- |
| 9 (RLIN) | 30315 |
| 245 10 - TITLE STATEMENT | |
| Title | Charade / |
| Statement of responsibility, etc | Sandra Brown. |
| 260 ## - PUBLICATION, DISTRIBUTION, ETC. (IMPRINT) | |
| Place of publication, distribution, etc | New York : |
| Name of publisher, distributor, etc | Warner Books, |
| Date of publication, distribution, etc | c1994. |
| 300 ## - PHYSICAL DESCRIPTION | |
| Extent | 405 p. ; |
| Dimensions | 24 cm. |
| 650 #0 - SUBJECT ADDED ENTRY--TOPICAL TERM | |
| Topical term or geographic name as entry element | Women television personalities |
| Geographic subdivision | Texas |
| -- | San Antonio |
| Form subdivision | Fiction. |
| 9 (RLIN) | 6500813 |
| 650 #0 - SUBJECT ADDED ENTRY--TOPICAL TERM | |
| Topical term or geographic name as entry element | Man-woman relationships |
| Geographic subdivision | Texas |
| -- | San Antonio |
| Form subdivision | Fiction. |
| 9 (RLIN) | 6500814 |
| 650 #0 - SUBJECT ADDED ENTRY--TOPICAL TERM | |
| Topical term or geographic name as entry element | Serial murders |
| Geographic subdivision | United States |
| Form subdivision | Fiction. |
| 9 (RLIN) | 5800062 |
| 651 #0 - SUBJECT ADDED ENTRY--GEOGRAPHIC NAME | |
| Geographic name | San Antonio (Tex.) |
| Form subdivision | Fiction. |
| 9 (RLIN) | 5690932 |
| 655 #7 - INDEX TERM--GENRE/FORM | |
| Genre/form data or focus term | Romantic suspense fiction. |
| Source of term | gsafd |
| 9 (RLIN) | 6109599 |
| 942 ## - ADDED ENTRY ELEMENTS (KOHA) | |
| Koha item type | BOOK |
| 979 ## - | |
| -- | 324216 |
| 998 ## - LOCAL CONTROL INFORMATION (RLIN) | |
| -- | a28383 |
| Withdrawn status | Lost status | Source of classification or shelving scheme | Damaged status | Not for loan | Collection code | Home library | Current library | Shelving location | Date acquired | Source of acquisition | Total Checkouts | Total Renewals | Full call number | Barcode | Checked out | Date last seen | Date checked out | Cost, replacement price | Price effective from | Koha item type |
|---|---|---|---|---|---|---|---|---|---|---|---|---|---|---|---|---|---|---|---|---|
| Dewey Decimal Classification | Fiction | Wasatch County Library | Wasatch County Library | First Floor | 05/03/2023 | Donation | 8 | 3 | F Brown | 34301001879347 | 05/06/2026 | 03/10/2026 | 03/10/2026 | 15.99 | 05/03/2023 | BOOK |
